Recommendations of the tribunals for working journalists and non-journalist newspaper employees (Record no. 495922)

000 -LEADER
fixed length control field 00389cam a22001097a 4500
008 - FIXED-LENGTH DATA ELEMENTS--GENERAL INFORMATION
fixed length control field 180718b1979 xxu||||| |||| 00| 0 eng d
082 ## - DEWEY DECIMAL CLASSIFICATION NUMBER
Classification number R22x54 In2re
245 ## - TITLE STATEMENT
Title Recommendations of the tribunals for working journalists and non-journalist newspaper employees
Statement of responsibility, etc. by Ministry of labour
260 ## - PUBLICATION, DISTRIBUTION, ETC.
Place of publication, distribution, etc. New Delhi
Name of publisher, distributor, etc. Government of India
Date of publication, distribution, etc. 1979
300 ## - PHYSICAL DESCRIPTION
Extent 156p
700 ## - ADDED ENTRY--PERSONAL NAME
Personal name India. Ministry of labour
Holdings
Withdrawn status Lost status Damaged status Not for loan Permanent Location Current Location Date acquired Full call number Barcode Date last seen Price effective from Koha item type
        Indian Institute of Public Administration Indian Institute of Public Administration 2018-08-04 R22x54 In2re G15364 2018-08-04 2018-08-04 G

Powered by Koha